| 000 | 00663cab a2200217 4500 | ||
|---|---|---|---|
| 001 | WB3010-26 | ||
| 008 | 090401t1994 xxu||||| |||| 00| 0 eng d | ||
| 035 | _a(Sirsi) u81713 | ||
| 041 | _aeng | ||
| 245 | _aTowns outlaw eyesores | ||
| 260 | _c1994 | ||
| 350 | _a0 | ||
| 490 |
_aDaily Telegraph _v8 March 1994, 7(1) |
||
| 520 | _aNew powers are to be given to local councils to prevent developers changing the frontages of shops and homes which can ruin the character of historic towns. | ||
| 650 | _aHISTORIC TOWNS FORUM | ||
| 650 | _aHISTORIC TOWNS | ||
| 650 | _aTOWNSCAPES IN TROUBLE | ||
| 690 | _aCONSERVATION | ||
| 942 | _n0 | ||
| 948 | _c04/03/1997 | ||
| 999 |
_c51515 _d51515 |
||